LIBRARY & INFORMATION CENTRE, KCAET, TAVANUR

ONLINE PUBLIC ACCESS CATALOGUE (OPAC)

Madhyakalin sant sahitya / (Record no. 8185)

MARC details
000 -LEADER
fixed length control field 00425cam a2200169ua 4500
041 ## - LANGUAGE CODE
Language code of text/sound track or separate title hin
082 ## - DEWEY DECIMAL CLASSIFICATION NUMBER
Classification number 891.54
Item number RAM/MA
100 ## - MAIN ENTRY--AUTHOR NAME
Personal name Ramkhelavan, Panday .
245 ## - TITLE STATEMENT
Title Madhyakalin sant sahitya /
260 ## - PUBLICATION, DISTRIBUTION, ETC. (IMPRINT)
Place of publication :
Name of publisher Hindi Pracharak Pustakalay ,
Year of publication 1965.
300 ## - PHYSICAL DESCRIPTION
Number of Pages 531 ; .
942 ## - ADDED ENTRY ELEMENTS (KOHA)
Koha item type Books
Holdings
Withdrawn status Lost status Damaged status Home library Current library Date acquired Full call number Accession Number Koha item type Public note
Withdrawn     KAUAET Sanskrit University 07/04/2012 891.54 8091 Books Transferred to Sanskrit University
free website counter